000 00931nam a2200289 i 4500
001 bg
003 BPK
005 20191231094749.0
008 070620s2007 pl a f |000 0 pol
015 _aPB 2007/16085
020 _a9788372517227
040 _aWA N
_cBPK
080 _a658.14/.17
080 _a657.6
080 _a005.584/.585
080 _a(07)
100 1 _aWiniarska, Kazimiera
_d(1948- )
_eAutor
245 1 0 _aAudyt wewnętrzny w 2007 roku :
_bstandardy międzynarodowe - regulacje krajowe /
_cKazimiera Winiarska.
260 _aWarszawa :
_bCentrum Doradztwa i Informacji Difin,
_c2007.
300 _a264 s. :
_bil. ;
_c23 cm.
504 _aBibliogr. s. 192-197.
655 4 _aPodręcznik
650 4 _aAudyt wewnętrzny
710 2 _aDifin
_4pbl.
856 _uhttp://koha.tu.koszalin.pl/cgi-bin/koha/opac-detail.pl?biblionumber=54952
_yKatalog online BPK
942 _2UKD
_cKS
999 _c54952
_d54952